书目信息 |
| 题名: |
语言的力量——名人名言
|
|
| 作者: | 朱金媛 编 | |
| 分册: | ||
| 出版信息: | 武汉 华中科技大学出版社 2014 |
|
| 页数: | 13,364页 | |
| 开本: | 22cm | |
| 丛书名: | ||
| 单 册: | ||
| 中图分类: | H033.3 | |
| 科图分类: | ||
| 主题词: | 格言--世界--汇编 | |
| 电子资源: | ||
| ISBN: | 978-7-5609-9425-3 | |
| 000 | 00807nam0 2200241 450 | |
| 001 | 351898 | |
| 005 | 20161017111554.86 | |
| 010 | @a978-7-5609-9425-3@dCNY28.00 | |
| 100 | @a20140428d2014 em y0chiy50 ea | |
| 101 | 0 | @achi |
| 102 | @aCN@b420000 | |
| 105 | @ay z 000yy | |
| 106 | @ar | |
| 200 | 1 | @a语言的力量——名人名言@f朱金媛编 |
| 210 | @a武汉@c华中科技大学出版社@d2014 | |
| 215 | @a13,364页@d22cm | |
| 300 | @a聚经典·人文读本 1 | |
| 330 | @a本书收集的1800余条名人名言,不仅包括传统意义上的内容,而且反映了二十一世纪的最新内容。涉及时空自然、人生活动、品德品性、思想感情、命运遭际、性格禀赋、人际关系、政法经济、科教文化、性质事理等方面。 | |
| 606 | 0 | @a格言@y世界@j汇编 |
| 690 | @aH033.3@v5 | |
| 701 | 0 | @a朱金媛@4编 |
| 801 | 0 | @aCN@bTANGWEI@c20161010 |
| 905 | @b0897070-4@dH033.3@e83@f5 | |
| 语言的力量——名人名言/朱金媛编.-武汉:华中科技大学出版社,2014 |
| 13,364页;22cm |
| 聚经典·人文读本 1 |
| ISBN 978-7-5609-9425-3:CNY28.00 |
| 本书收集的1800余条名人名言,不仅包括传统意义上的内容,而且反映了二十一世纪的最新内容。涉及时空自然、人生活动、品德品性、思想感情、命运遭际、性格禀赋、人际关系、政法经济、科教文化、性质事理等方面。 |
| ● |
| 相关链接 |
|
|
|
|
正题名:语言的力量——名人名言
索取号:H033.3/83
 
预约/预借
| 序号 | 登录号 | 条形码 | 馆藏地/架位号 | 状态 | 备注 |
| 1 | 0897070 | 208970700 | 第二样本阅览室/ [索取号:H033.3/83] | 在馆 | |
| 2 | 0897071 | 208970719 | 第四借阅区/ [索取号:H033.3/83] | 在馆 | |
| 3 | 0897072 | 208970728 | 第四借阅区/ [索取号:H033.3/83] | 在馆 | |
| 4 | 0897073 | 208970737 | 第四借阅区/ [索取号:H033.3/83] | 在馆 | |
| 5 | 0897074 | 208970746 | 第四借阅区/ [索取号:H033.3/83] | 在馆 |